000 00963nam a2200205Ii 4500
003 JO-AjNU
008 230605s9999||||xx |||||||||||||| ||und||
040 _aJO-AjNU
_bara
_erda
_cJO-AjNU
041 _aara
050 1 4 _aLB1028.5.T37312 2003
100 3 _a/م.مشارك /الحاج عيسى،مصباح مترجم/شماعة،زهرية مترجم/بن مسعود،سناء مترجمة /أبو لبدة،إيناس مترجمة/السمان،سرى مترجمة/ملحم،إياد مراجع لغويGunter/ م.مشاركCashman /مؤلفShelly,
_eauthor
_934475
245 0 0 _aتقنيات تربوية حديثة
250 _aط1
264 3 1 _aالعين:دار الكتاب الجامعي،2005
300 _a466ص
336 _atext
_btxt
_2rdacontent
337 _aunmediated
_bn
_2rdamedia
338 _avolume
_bnc
_2rdacarrier
650 4 _aتكنولوجيا التعليم. التعليم-معالجة البيانات إلكترونيا
_934476
999 _aA14140
_c17708
_d17708